01187nam a2200277 a 450000100060000000300080000600500170001400800410003103500550007204000350012704100080016208200210017011100730019124501600026426000320042430000340045650400410049065000290053165000540056070000240061471000700063874000300070894200120073899900170075095201420076717562BD-RjUL20211209000148.0500101s1966 enka b 100 0 eng d aCURL 040000071208(Lee) from hmec66a(BD-RjUL)17620 aBD-RjULbengcBD-RjULdBD-RjUL aeng a541.2bMAT 19662 aMaterials Technology Symposiumd(1964 :cBillingham, England)95412010aMaterials technology in steam reforming processes :bproceedings of the materials technology symposium held on October 21-22, 1964 /cedited by C. Edeleanu aOxford :bPergamon,c[1966] aviii, 387 p :billus ;c24 cm aIncludes bibliographical references. 0aGasesxCongresses954121 0aMaterials at high temperaturesxCongresses9541221 aEdeleanu, C.9541232 aImperial Chemical Industries, ltd.bAgricultural Division.9541240 aSteam reforming processes 2ddccBK c17562d17562 00102ddc40718NFICaRUCLbRUCLcReadingd1964-01-16eBook Centreg78.00l0o541.2 MAT 1966r2014-02-17 00:00:00tC-1w2014-02-17yBK